• 首页
  • 本馆介绍
  • 公告通知
  • 最新文献
  • 馆藏检索
  • 电子资源
  • 读者导购
  • 参考咨询
  • 我的图书馆
  • 登录
  • 详细信息显示
  • 放入我的书架
  • 预约/预借图书
  • 作者相关作品
  • 分类相关作品
  • 丛书相关作品
  • 出版社相关作品

书目信息

  • 表格格式
  • 工作单格式
  • 卡片格式
题名:
基因组革命
    
 
作者: 菲尔德 , 戴维斯 著 ;刘雁 译
分册:  
出版信息: 北京   机械工业出版社  2017.4
页数: 22,307页
开本: 21cm
丛书名:
单 册:
中图分类: Q987
科图分类:
主题词: 人类基因--基因组--研究
电子资源:
ISBN: 978-7-111-56135-4
000 01156nam0 2200301 450
001 0400004526
005 20171024103608.0
010    @a978-7-111-56135-4@b精装@dCNY52.00
100    @a20170619d2017 em y0chiy50 ea
101 1  @achi@ceng
102    @aCN@b110000
105    @ay z 000yy
106    @ar
200 1  @a基因组革命@9ji yin zu ge ming@e基因技术如何改变人类的未来@dBiocode@ethe new age of genomics@f(英)道恩·菲尔德(Dawn Field), (英)尼尔·戴维斯(Neil Davies)著@g刘雁译@zeng
210    @a北京@c机械工业出版社@d2017.4
215    @a22,307页@d21cm
305    @a由Oxford University Press授权出版
306    @a本书限中国大陆发行
330    @a本书从DNA双螺旋结构的发现开始,一直介绍到未来有望以行星为规模的基因组研究。
510 1  @aBiocode@ethe new age of genomics@zeng
517 1  @a基因技术如何改变人类的未来@9ji yin ji shu ru he gai bian ren lei de wei lai
606 0  @a人类基因@x基因组@x研究
690    @aQ987@v5
701  1 @c(英)@a菲尔德@9fei er de@g(Field, Dawn)@4著
701  1 @c(英)@a戴维斯@9dai wei si@g(Davies, Neil)@4著
702  0 @a刘雁@9liu yan@4译
801  0 @aCN@b91MARC@c20171024
905    @b1034891-5@dQ987@f5@e49
    
    基因组革命:基因技术如何改变人类的未来=Biocode:the new age of genomics/(英)道恩·菲尔德(Dawn Field), (英)尼尔·戴维斯(Neil Davies)著/刘雁译.-北京:机械工业出版社,2017.4
    22,307页;21cm
    
    
    ISBN 978-7-111-56135-4(精装):CNY52.00
    本书从DNA双螺旋结构的发现开始,一直介绍到未来有望以行星为规模的基因组研究。
●
相关链接 在E读中查询图书 在五车中查询图书 在当当中查询图书 在豆瓣中查询图书


正题名:基因组革命     索取号:Q987/49         预约/预借

序号 登录号 条形码 馆藏地/架位号 状态 备注
1 1034891   210348916   第二样本阅览室/ [索取号:Q987/49] 在馆    
2 1034892   210348925   第三借阅区/ [索取号:Q987/49] 在馆    
3 1034893   210348934   第三借阅区/ [索取号:Q987/49] 在馆    
4 1034894   210348943   第三借阅区/ [索取号:Q987/49] 在馆    
5 1034895   210348952   密集书库-生命科学系/ [索取号:Q987/49] 在馆    
唐山师范学院图书馆 欢迎您!
大连网信软件有限公司© 版权所有